|
|
|
|
| LEADER |
00000nam0a2200000 4500 |
| 001 |
35000 |
| 005 |
20231030232159.0 |
| 035 |
|
|
|a (RuTPU)RU\TPU\book\35416
|
| 035 |
|
|
|a BOOK00002068
|
| 090 |
|
|
|a 35000
|
| 100 |
|
|
|a 20011210d1980 km y0rusy50 ca
|
| 101 |
0 |
|
|a rus
|
| 102 |
|
|
|a RU
|
| 105 |
|
|
|a y z 000zy
|
| 200 |
1 |
|
|a Интегральная электроника в измерительных устройствах
|f В. С. Гутников
|
| 210 |
|
|
|a Москва
|c Энергия
|d 1980
|
| 215 |
|
|
|a 247 с.
|
| 451 |
|
1 |
|0 (RuTPU)RU\TPU\book\35417
|y 5-283-04375-4
|t Интегральная электроника в измерительных устройствах
|f В. С. Гутников
|e 2-е изд., перераб. и доп.
|c М.
|n Энергоатомиздат
|d 1988
|p 303 с.
|a Гутников, Валентин Сергеевич
|
| 610 |
1 |
|
|a электроника
|
| 610 |
1 |
|
|a микроэлектроника
|
| 610 |
1 |
|
|a микропроцессорная техника
|
| 610 |
1 |
|
|a измерительные устройства
|
| 610 |
1 |
|
|a микросхемы
|
| 610 |
1 |
|
|a узлы
|
| 610 |
1 |
|
|a устройства
|
| 610 |
1 |
|
|a интегральные схемы
|
| 675 |
|
|
|a 681.2:621.382.049
|v 3
|
| 700 |
|
1 |
|a Гутников
|b В. С.
|g Валентин Сергеевич
|
| 801 |
|
0 |
|a RU
|b 63413507
|c 20011210
|g PSBO
|
| 801 |
|
2 |
|a RU
|b 63413507
|c 20210131
|g PSBO
|
| 900 |
|
|
|a Электроника и микропроцессорная техника
|a Электроника и микроэлектроника
|
| 900 |
|
|
|a Электроника
|
| 900 |
|
|
|a Микропроцессорная техника
|
| 900 |
|
|
|a Элементы устройств РЗИА энергосистем
|
| 900 |
|
|
|a Электронная микропроцессорная и преобразовательная тех
|
| 942 |
|
|
|c BK
|